| 000 | 00756nam a2200265Ia 4500 | ||
|---|---|---|---|
| 003 | OSt | ||
| 005 | 20220927105751.0 | ||
| 006 | a|||||r|||| 00| 0 | ||
| 007 | ta | ||
| 008 | 220926b |||||||| |||| 00| 0 eng d | ||
| 020 | _a9789211171297 | ||
| 024 | _a206948 | ||
| 037 | _cReference Collections | ||
| 040 |
_aRTL _cRTL _beng |
||
| 041 |
_2eng _aeng |
||
| 082 | _a"U:(G:55).5922, Q7/UN" | ||
| 100 | _aUNITED NATIONS | ||
| 110 | _aUNITED NATIONS | ||
| 245 | 0 |
_aBulgaria _b Environmental performance reviews |
|
| 260 |
_aNew _b"York, United Nations, " _c2017 |
||
| 300 |
_a"xxvii, 264p." _ccm. |
||
| 700 | _aUNITED NATIONS | ||
| 942 |
_h"U:(G:55).5922, Q7/UN" _cCC |
||
| 999 |
_c694518 _d694518 |
||